00712nam a2200145Ia 4500008004100000020001800041050002000059245010700079260002700186300003100213650008700244952010900331952010900440999001700549120626s9999 xx 000 0 und d a968-422-092-8 aREF TK9 D5 1991 aDiccionario McGraw-Hill de ingeniería eléctrica y electrónica / Sybil P. Parker, editor in chief aMéxico : McGraw-Hill a2 v. (ix, 464 p.) ; 22 cm. a1. Ingeniería eléctrica - Diccionarios. 2. Electrónica - Diccionarios Ì 00104070a06b06d2012-05-02l7oREF TK9 D5 1991p06 001890r2017-08-23s2017-08-23t1w2012-06-26yLB 00104070a06b06d2012-05-02l1oREF TK9 D5 1991p06 001891r2017-01-12s2017-01-12t1w2012-06-26yLB c65992d65992